01018aam a2200301 i 4500001001000000003001000010005001700020007000300037008004100040020001800081040001400099041000800113082002400121100004300145240005700188245013900245264003800384264001100422300001800433336002700451337003300478338002800511490002300539500007500562563001400637650001900651700004600670768714001CO-MdFUSB20250604093935.0ta250604t2001 sp |||| |||| 00| 0 spa d a84-288-1719-7 cCO-MdFUSB0 aspa04223a248.482bN9349t1 aNouwen, Henri J. M. (1932-1996)eautor aFiding my way home. Pathways to life and the spirit.10aSenderos de la vida y del espíritu : bel camino de vuelta a casac/ Henri J. M. Nouwen ; traducido por Rosario Gutiérrez Carreras 1bPPC,aMadrid, España : c[2001] 4c©2001 a108 páginas atextobtxt2rdacontent 2rdamediaasin mediaciónbn 2rdacarrieravolumenbnc aColección Sauce, aTitulo Original : Fiding my way home. Pathways to life and the spirit. aRústico 0aVida cristiana aGutiérrez Carreras, Rosario,etraductor